|
|
|
|
| LEADER |
00000cam a2200000 7i4500 |
| 001 |
0000053882 |
| 005 |
20151027.0 |
| 008 |
151027 |
| 020 |
|
|
|a 0077045203
|
| 090 |
0 |
0 |
|a 909.82
|b DOW
|
| 100 |
1 |
|
|a Downey, Matthew T.
|
| 245 |
1 |
0 |
|a Contemporary's world history
|c Matthew T. Downey
|
| 264 |
|
4 |
|b Wright Group/McGraw-Hill
|c ©2006
|
| 300 |
|
|
|a 475p. ;
|c 28cm.
|
| 500 |
|
|
|a Includes glossary, index
|
| 650 |
|
0 |
|a History, modern
|y 20th century
|
| 999 |
|
|
|a 0001379929
|b Book
|c Adult Collection
|e Cawangan Urban Transformation Centre
|
| 999 |
|
|
|a 0001380005
|b Book
|c Adult Collection
|e Perbadanan Perpustakaan Awam Johor
|
| 999 |
|
|
|a 0001380120
|b Book
|c Adult Collection
|e Cawangan Segamat
|
| 999 |
|
|
|a 0001380128
|b Book
|c Adult Collection
|e Cawangan Pontian
|
| 999 |
|
|
|a 0001380163
|b Book
|c Adult Collection
|e Cawangan Bandar Penawar
|